00336pab a2200133 454500008004000000100001800040245005300058260000900111300001200120362001100132650001800143650002100161773002000182180718b2007 xxu||||| |||| 00| 0 eng d aMagotra, Ritu aHigher education in the context of globalisation c2007 ap.7-10. a27 May aGlobalization aHigher education aUniversity News